5 beste fotballag per fylke - Statistics

General Stats
  • This quiz has been taken 145 times
  • The average score is 30 of 55
Answer Stats
Fylke Fotballag % Correct
Nordland Bodø/Glimt
89%
Trøndelag Rosenborg
89%
Troms og Finnmark Tromsø
88%
Vestland Brann
87%
Oslo Vålerenga
85%
Møre og Romsdal Molde
84%
Møre og Romsdal Aalesund
81%
Innlandet Ham-Kam
79%
Møre og Romsdal Kristiansund
79%
Agder Start
79%
Rogaland Viking
79%
Vestfold og Telemark Odd
78%
Viken Lillestrøm
72%
Trøndelag Ranheim
72%
Rogaland Haugesund
71%
Vestfold og Telemark Sandefjord
71%
Viken Sarpsborg 08
71%
Viken Stabæk
71%
Oslo KFUM
69%
Troms og Finnmark Alta
65%
Viken Strømsgodset
64%
Agder Jerv
63%
Innlandet Kongsvinger
63%
Rogaland Sandnes Ulf
63%
Oslo Skeid
63%
Viken Mjøndalen
62%
Rogaland Bryne
61%
Troms og Finnmark Tromsdalen
61%
Vestland Åsane
58%
Agder Arendal
57%
Vestland Sogndal
55%
Møre og Romsdal Hødd
54%
Trøndelag Stjørdals-Blink
54%
Oslo Grorud
53%
Innlandet Gjøvik-Lyn
50%
Innlandet Raufoss
50%
Innlandet Elverum
46%
Trøndelag Levanger
46%
Vestfold og Telemark Eik Tønsberg 871
45%
Rogaland Egersund
43%
Vestfold og Telemark Fram Larvik
39%
Oslo Kjelsås
38%
Vestfold og Telemark Notodden
38%
Vestland Øygarden
34%
Agder Mandalskameratene
31%
Vestland Florø
29%
Trøndelag Nardo
29%
Agder Fløy
26%
Nordland Mjølner
26%
Møre og Romsdal Brattvåg
24%
Troms og Finnmark Senja
21%
Nordland Junkeren
19%
Troms og Finnmark Fløya
7%
Nordland Leknes
4%
Nordland Melbo
3%
No matching quizzes found
Score Distribution
Percent of People with Each Score
Percentile by Number Answered
Your Score History
You have not taken this quiz